Governance and development towards quality leadership in Kenya /

Bibliographic Details
Corporate Author: ProQuest (Firm)
Other Authors: Njogu, Kimani.
Format: Electronic eBook
Language:English
Published: Nairobi, Kenya : Twaweza Communications, 2007.
Subjects:
Online Access:Click to View
LEADER 01399nam a2200385 a 4500
001 EBC1135234
003 MiAaPQ
005 20200520144314.0
006 m o d |
007 cr cn|||||||||
008 070726s2007 ke a sb 001 0 eng d
010 |z  2007380933 
020 |z 9966974350 
020 |z 9789966974358 
020 |a 9789966028105 (electronic bk.) 
035 |a (MiAaPQ)EBC1135234 
035 |a (Au-PeEL)EBL1135234 
035 |a (CaPaEBR)ebr10463123 
035 |a (CaONFJC)MIL306369 
035 |a (OCoLC)830165573 
040 |a MiAaPQ  |c MiAaPQ  |d MiAaPQ 
043 |a f-ke--- 
050 4 |a JQ2947.A58  |b G68 2007 
245 0 0 |a Governance and development  |h [electronic resource] :  |b towards quality leadership in Kenya /  |c edited by Kimani Njogu. 
260 |a Nairobi, Kenya :  |b Twaweza Communications,  |c 2007. 
300 |a xvi, 242 p. :  |b ill. 
504 |a Includes bibliographical references and index. 
533 |a Electronic reproduction. Ann Arbor, MI : ProQuest, 2015. Available via World Wide Web. Access may be limited to ProQuest affiliated libraries. 
650 0 |a Political leadership  |z Kenya. 
651 0 |a Kenya  |x Economic policy. 
651 0 |a Kenya  |x Social policy. 
655 4 |a Electronic books. 
700 1 |a Njogu, Kimani. 
710 2 |a ProQuest (Firm) 
856 4 0 |u https://ebookcentral.proquest.com/lib/matrademy/detail.action?docID=1135234  |z Click to View